| 000 | 00790nam a2200205 a 4500 | ||
|---|---|---|---|
| 001 | 000017489 | ||
| 005 | 20200929165129.0 | ||
| 008 | 100325s1951 dr 000 0 spa d | ||
| 040 |
_aDO-SdBNP _bspa _cBNPHU |
||
| 082 |
_a972.93 _bH694p |
||
| 100 | 1 |
_aHoepelman, Antonio _935971 |
|
| 245 | 1 | 0 |
_aPáginas dominicanas de historia contemporánea / _cAntonio Hoepelman. |
| 260 |
_aCiudad Trujillo, República Dominicana : _bImpresora Dominicana, _c1951. |
||
| 300 |
_a223 p. ; _c23 cm. |
||
| 500 | _aIncluye referencias bibliográficas y notas al pie de las páginas | ||
| 590 | _aInventariado, 2018/MFF | ||
| 650 | 4 |
_aRepública dominicana _xHistoria _y1865-1916 _938205 |
|
| 650 | 4 |
_aRepública dominicana _xPolítica y gobierno _y1865-1916 _938206 |
|
| 910 | _aValidado. Control de calidad. MFF | ||
| 999 |
_c17014 _d17014 |
||